[Event "Morelia/Linares 25th"]
[Site "Morelia/Linares"]
[Date "2008.03.03"]
[Round "11"]
[White "Aronian, Levon"]
[Black "Ivanchuk, Vassily"]
[Result "1/2-1/2"]
[WhiteElo "2739"]
[BlackElo "2751"]
[Annotator "Krasenkow,M"]
[PlyCount "43"]
[EventDate "2008.02.15"]
[EventType "tourn"]
[EventRounds "14"]
[EventCountry "ESP"]
[EventCategory "21"]
[SourceTitle "CBM 123"]
[Source "ChessBase"]
[SourceDate "2008.04.02"]
[SourceVersion "1"]
[SourceVersionDate "2008.04.02"]
[SourceQuality "1"]

1. d4 Nf6 2. c4 e6 3. Nf3 d5 4. Nc3 Be7 5. Bg5 h6 6. Bxf6 Bxf6 7. Qc2 dxc4 8.
Ne4 $5 $146 {[%mdl 8] Another unbelievable novelty at such an early stage of
the game. It looks quite harmless; however, it brings some fresh air to the
position.} (8. O-O-O a6 9. e4 b5 10. e5 Bg5+ 11. Kb1 Bb7 12. h4 Be7 $15 {
0-1 Bradbury,N-Wells,P/London 1985/MCL/[Tsesarsky] (39)}) (8. e3 c5 9. dxc5 (9.
Bxc4 cxd4 10. exd4 Nc6 11. O-O-O O-O 12. Qe4 Qa5 13. Rhe1 Bd7 14. Kb1 Rac8 15.
Bb3 Rfd8 16. Qe3 Be8 $15 {[%csl Rb1] 0-1 Li Shilong-Negi,P/Wijk aan Zee 2008/
CBM 122 (48)}) 9... Qa5 10. Bxc4 Qxc5 11. Ne4 Qb4+ (11... Qa5+ 12. Ke2 Be7 13.
Qc3 $146 (13. g4 Nd7 (13... Bd7 $142 $1) 14. a3 Nf6 (14... O-O $142 $1) 15.
Ned2 (15. b4 $142 $1) 15... Bd7 16. Rhg1 Rc8 17. Qb3 Qb6 18. Qxb6 axb6 19. Ne5
Ba4 $11 {0-1 Bacrot,E-Kortschnoj,V/Albert 1997/CBM 061/[Kortschnoj] (54)})
13... Qxc3 14. Nxc3 a6 15. Rhd1 Nd7 16. Ne4 b5 17. Bb3 Bb7 18. Nd6+ Bxd6 19.
Rxd6 Ke7 $11 {0-1 Vallejo Pons,F-Topalov,V/Linares 2005/CBM 106/[Postny] (38)})
12. Nfd2 (12. Ke2 $6 Qxb2 $1) 12... Nd7 $6 (12... Qxb2 $1 13. Nd6+ Ke7 14. Qxb2
Bxb2 15. Nxc8+ Rxc8 16. Rb1 Bc3 17. Rxb7+ Nd7 18. Ke2 Bxd2 19. Bb5 $11) 13. Bb3
Be7 14. O-O O-O 15. Qc7 $6 (15. Rfd1) (15. Rac1) 15... Bd8 $5 (15... a5 $5 $11)
16. Qf4 Qe7 17. Rac1 $14 {1-0 Najer,E-Kruppa,Y/Elista 2000/CBM 079/[Tsesarsky]
(53)}) 8... b5 $5 9. a4 Bb7 $5 {[%mdl 512] Black wants to develop his pieces
and not to keep his extra pawn by} (9... c6) {In fact, he sacrifices a pawn
himself!} 10. axb5 a6 $5 11. Nxf6+ Qxf6 12. Qxc4 O-O 13. Qxc7 {Development is
a problem for White so he decides to take some material.} axb5 14. Rxa8 Bxa8
15. e3 (15. Ne5 $5 {needs testing although such a move requires nerves of
steel!} Qf5 16. Nd3 Be4 17. Nb4 {etc.}) 15... Bxf3 16. gxf3 Qxf3 17. Rg1 {
[%cal Rc7e5] White has given the pawn back but his rook is now active.} Qf5 $1
(17... Qe4 $143 18. Kd2 Qb1 19. Qc2) 18. Qc3 $6 (18. f4 $5 Qb1+ 19. Kf2 Qxb2+
20. Be2 Na6 21. Qe5 g6 $132 {[%cal Ya6b4]} 22. Qxb5 $11) 18... Qb1+ $6 {Missing
} (18... b4 $1 19. Qd3 (19. Qxb4 Qb1+ 20. Ke2 Nc6 $36) 19... Qa5 {and Black
seizes the initiative.}) 19. Kd2 Nd7 20. Qc2 Qa2 21. Bd3 e5 22. b3 1/2-1/2

[Event "EU-ch 12th"]
[Site "Aix les Bains"]
[Date "2011.03.30"]
[Round "8"]
[White "Fressinet, Laurent"]
[Black "Mastrovasilis, Dimitrios"]
[Result "1-0"]
[WhiteElo "2693"]
[BlackElo "2584"]
[Annotator "Marchand,A/Primel,D"]
[PlyCount "45"]
[EventDate "2011.03.22"]
[EventType "swiss"]
[EventRounds "11"]
[EventCountry "FRA"]
[SourceTitle "CBM 142 Extra"]
[Source "ChessBase"]
[SourceDate "2011.06.27"]
[SourceVersion "1"]
[SourceVersionDate "2011.06.27"]
[SourceQuality "1"]
[TimeControl "40/5400+30:1800+30"]

1. d4 Nf6 2. c4 e6 3. Nc3 d5 4. Bg5 Nbd7 (4... Be7 5. Nf3 h6 6. Bxf6 Bxf6 7. e3
c6 8. Qc2 O-O (8... dxc4) 9. O-O-O) 5. e3 h6 {Cette vieille idée de Marshall
est assez peu jouée mais le grec l'avait utilisée dans une partie récente} (
5... c6) (5... Be7) 6. Bxf6 $5 {La préparation du français} (6. Bh4 {La grande
ligne} Be7 {Nikolaidis,I (2493)-Mastrovasilis,A (2539) Leros Artemis Cup 2nd
2010 (4) 1/2}) 6... Nxf6 7. Nf3 Be7 (7... c6) 8. Bd3 (8. c5 $5 {[%csl Re7];
Engel,J-Marshall,F Brno 1928 (6) 0-1}) (8. Qc2 c6 9. Bd3 {[%cal Ge1c1,Ge1g1]}
O-O) (8. cxd5) 8... dxc4 (8... O-O $142 9. O-O c5 10. Qe2 b6 11. Rad1 Qc7 {
Kan,I-Sergeev,A Moscow 1932 0-1} (11... cxd4 $142 12. exd4 Bb7 $11 (12... dxc4
{[%csl Rd4]}))) (8... c6 9. O-O O-O) 9. Bxc4 (9. Qa4+ $5 {Un peu bizarre mais
évite de rejouer le B} c6 (9... Bd7 10. Qxc4 O-O 11. O-O Rc8) 10. Qxc4 O-O 11.
O-O $14) 9... a6 10. O-O c5 {Avec un léger retard de développement, ce coup
est assez risqué pour les Noirs et le roque était plus souple} (10... O-O $142
11. Ne5 (11. Rc1 b5 12. Bb3 Bb7 $132) 11... c5 (11... b5 12. Qf3) 12. Qf3 cxd4
13. Rfd1 Qc7 {[%cal Gc7e5,Gc7c4]} 14. exd4 {[%cal Ga1c1]} Bd6 15. Ne4 (15. Rac1
Bxe5) 15... Bxe5 16. dxe5 Qxe5 17. Nxf6+ Qxf6 18. Qxf6 gxf6 19. Rac1 $44 {
[%csl Ra8,Rc8][%cal Gc1c7]}) 11. Ne5 $1 {[%csl Ge5][%cal Ge5f7,Ge5g6,Gd1f3,
Gf2f4]} O-O (11... cxd4 12. exd4 O-O 13. Bb3 b5 14. Nc6 Qc7 15. Nxe7+ Qxe7 $11)
12. Bb3 (12. Qf3 $5 cxd4 13. Rfd1 $44 {[%cal Gd1d8]}) 12... Qc7 $6 (12... b5
13. Nc6 (13. Qf3 Qb6 $1 {[%cal Gc8b7,Gf8a8]}) 13... Qc7 14. Nxe7+ Qxe7 $11) (
12... cxd4 13. exd4 b5 14. Qf3 Qb6 $1 15. Qxa8 Bb7) 13. Rc1 $1 {[%csl Rc7]
[%cal Gc1c7] La position noire ne parait pas très saine} b6 14. f4 (14. Qf3 Bb7
15. Qg3 Rac8 16. Rfd1 (16. Qh3 {[%cal Gb3e6]})) 14... Bb7 15. f5 $1 {[%csl Gb3,
Rf7][%cal Ge5f7,Gb3g8]} Bd6 (15... exf5 16. Rxf5 Rac8 17. Ng6 $1 Rfd8 18. Ne5 (
18. Nxe7+ $2 Qxe7 {[%csl Rd4,Re3][%cal Gc8c1,Gd8d1]}) 18... Rf8) 16. fxe6 Bxe5
17. exf7+ Kh8 18. dxe5 Qxe5 19. Ne2 Nd5 $2 {Une décision curieuse mais les
Noirs étaient déjà en zeitnot. Pourquoi ne pas prendre le P e3 sur échec?} (
19... Qxe3+ 20. Kh1 Ng4 21. Qe1 Qh3 $3 {[%csl Rh2][%cal Gb7h1]}) (19... Ng4 {
[%cal Gg4e3,Ge5h2]} 20. Nf4 Qxe3+) 20. Qd3 Rad8 $2 $138 {Les Noirs avaient
moins de 10 mns pour passer le contrôle de temps} (20... Qxe3+ 21. Qxe3 Nxe3
22. Nf4 {[%cal Gf4g6]} Nxf1 23. Rxf1 Be4 24. Ne6 g6) 21. Rcd1 $18 Qe7 22. Bc2
Nf6 23. Nf4 1-0

[Event "Candidates Tournament"]
[Site "Kazan"]
[Date "2011.05.21"]
[Round "3.3"]
[White "Grischuk, Alexander"]
[Black "Gelfand, Boris"]
[Result "1/2-1/2"]
[WhiteElo "2747"]
[BlackElo "2733"]
[Annotator "Marin,M"]
[PlyCount "27"]
[EventDate "2011.05.05"]
[EventType "k.o."]
[EventRounds "3"]
[EventCountry "RUS"]
[SourceTitle "CBM 143"]
[Source "ChessBase"]
[SourceDate "2011.07.15"]
[SourceVersion "1"]
[SourceVersionDate "2011.07.15"]
[SourceQuality "1"]

1. d4 Nf6 2. c4 e6 3. Nf3 d5 4. Nc3 Be7 5. Bg5 h6 6. Bxf6 Bxf6 7. Qb3 dxc4 8.
Qxc4 O-O 9. g3 $5 {My feeling is that White is combining the ideas of too many
openings. His queen has arrived on c4 as in the Qb3 Semi-Slav, he has given up
the dark-squared bishop like in a genuine QG and now intends to develop his
remaining bishop according to Catalan patterns.} (9. e4 {is more popular.})
9... b5 $5 $146 {Two decades ago I started studying the Catalan Opening for
White. I used to show my new ideas to my friend and trainer IM Valentin Stoica.
I had the tendency to over-evaluate the static elements of the position and
sometimes neglected development. I remember that more than once Vali refuted
my concept with an unexpected pawn sacrifice ...b7-b5! This probably is
typical for Catalan positions. Of course, I was not surprised when I saw
Gelfand's last move, although it appeared to be a novelty. Black opens files
and diagonals for his pieces, taking advantage of White's delay in development
and of the relative weakness of the f1-a6 diagonal.} (9... Nd7 10. Bg2 e5 {
Uhlmann,W (2505)-Hjartarson,J (2415)/Leningrad 1984/MCL (1/2, 84)}) 10. Qxb5
Nd7 11. Bg2 c5 12. O-O Rb8 13. Qa4 a5 $44 14. dxc5 1/2-1/2

[Event "Bundesliga 0506"]
[Site "Germany"]
[Date "2006.03.11"]
[Round "12.5"]
[White "Kalinitschew, Sergey"]
[Black "Beckhuis, Gernod"]
[Result "1-0"]
[WhiteElo "2478"]
[BlackElo "2324"]
[Annotator "Mueller,Karsten"]
[PlyCount "125"]
[EventDate "2005.10.21"]
[EventType "team-tourn"]
[EventRounds "15"]
[EventCountry "GER"]
[SourceTitle "CBM 112"]
[Source "ChessBase"]
[SourceDate "2006.06.07"]
[SourceVersion "1"]
[SourceVersionDate "2006.06.07"]
[SourceQuality "1"]
[WhiteTeam "Kreuzberg"]
[BlackTeam "Kirchheim"]
[WhiteTeamCountry "GER"]
[BlackTeamCountry "GER"]

1. d4 d5 2. c4 e6 3. Nf3 Nf6 4. Bg5 Be7 5. Nc3 h6 6. Bh4 O-O 7. Qc2 c5 8. cxd5
exd5 9. dxc5 Qa5 10. e3 Nc6 11. Be2 Bg4 12. O-O Qxc5 13. Rac1 g5 14. Bg3 Rfd8
15. Ne5 Bxe2 16. Qxe2 Nxe5 17. Bxe5 Qc4 18. Qf3 Qg4 19. Rfd1 Qxf3 20. gxf3 Nd7
21. Bc7 Re8 22. Nxd5 Bf8 23. Ba5 Rac8 24. Bc3 Bg7 25. Kg2 Bxc3 26. Nxc3 Nb6 27.
Nb5 Rxc1 28. Rxc1 Rc8 29. Rxc8+ Nxc8 30. Kg3 a6 31. Nc3 Nd6 32. f4 Kg7 33. fxg5
hxg5 34. b3 Kg6 35. f4 f6 36. Kf3 Kf5 37. e4+ Ke6 38. Kg4 b5 39. fxg5 fxg5 40.
Kxg5 b4 41. Na4 Nxe4+ 42. Kg6 Ke7 43. h4 Kf8 44. h5 Kg8 45. Nb6 Nc5 46. Nd5 a5
47. Nb6 Ne6 48. Nc4 Nf4+ 49. Kg5 Nd3 50. Nxa5 Nc1 51. Nc6 Nxa2 52. Kg6 Nc1 53.
h6 Nd3 54. h7+ Kh8 55. Kh6 Ne5 56. Nxb4 Ng6 $2 {[%mdl 4352]} (56... Ng4+ {
hätte Schwarz wie durch ein Wunder gerettet:} 57. Kg6 Ne3 58. Nc6 Nc4 $3 59.
Kh6 Ne5 60. Nd8 Ng4+ 61. Kg6 Ne5+ 62. Kf5 Nd3 63. Ke4 Nc5+ 64. Kf5 Kxh7 (64...
Nxb3 $2 65. Kg6 Nd4 66. Nf7#) 65. b4 Na4 $11) 57. Nd5 Nf8 58. b4 Nxh7 {Das
Spiel auf Patt mit} (58... Nd7 {hilft auch nicht, da Weiß es jederzeit
aufheben kann:} 59. Nf4 Ne5 60. b5 Nf7+ 61. Kg6 Nd6 62. b6 Nc8 63. b7 Ne7+ 64.
Kg5 Nc6 65. Kh6 Nb8 66. Ng6#) 59. b5 Nf6 60. b6 Nd7 (60... Ng4+ 61. Kg5 Ne5 62.
b7 Nd7 63. Kg6 Ne5+ 64. Kf6 Nd7+ 65. Ke7 Nb8 66. Kd6 Kg7 67. Nb4 Kg6 68. Kc7
$18) 61. b7 Nb8 62. Ne7 Nc6 (62... Nd7 63. Nd5 Nb8 (63... Kg8 64. Nf6+ Nxf6 65.
b8=Q+ $18) 64. Kg6 Kg8 65. Kf6 Kf8 66. Ke6 Ke8 67. Kd6 Kd8 68. Nb4 Nd7 69. Nc6+
Ke8 70. Kc7 Nc5 71. b8=Q+ $18) 63. Nxc6 1-0

[Event "Match/Team URS-World 20,5-19,5"]
[Site "Belgrade"]
[Date "1970.04.04"]
[Round "4.4"]
[White "Polugaevsky, Lev"]
[Black "Hort, Vlastimil"]
[Result "1/2-1/2"]
[WhiteElo "2640"]
[BlackElo "2610"]
[Annotator "Polugaevsky/Hort"]
[PlyCount "71"]
[EventDate "1970.03.29"]
[EventType "team"]
[EventRounds "4"]
[EventCountry "YUG"]
[SourceTitle "MCL"]
[Source "ChessBase"]
[SourceDate "1999.07.01"]
[SourceVersion "1"]
[SourceVersionDate "1999.07.01"]
[SourceQuality "1"]
[WhiteTeam "World"]
[BlackTeam "World"]
[TimeControl "40/9000:16/5400:0"]

1. c4 Nf6 2. Nc3 e6 3. d4 d5 4. Bg5 Be7 5. e3 h6 6. Bh4 b6 $6 {Hort=:H} 7. cxd5
Nxd5 8. Bxe7 Qxe7 9. Nxd5 exd5 10. Rc1 (10. Be2 Be6 11. Bf3 Qb4+ 12. Qd2 Qxd2+
13. Kxd2 Nd7 14. Ne2 Nf6 15. Rhc1 Kd7 16. Nf4 Rhc8 17. Nd3 c6 18. b4 Kd6 19.
Bd1 a5 20. a3 Rc7 21. f3 axb4 22. axb4 Rca7 23. Rxa7 Rxa7 24. Ne5 Ra2+ 25. Rc2
Rxc2+ {1/2-1/2 (25) Portisch,L-Barcza,G Kecskemet 1966}) 10... Bb7 $146 (10...
O-O 11. Ne2 Rd8 12. Nc3 c5 13. Be2 Be6 14. O-O cxd4 15. Qxd4 Nc6 16. Qa4 d4 17.
exd4 Nxd4 18. Ba6 Rd7 19. Rfe1 Rad8 20. Re5 Qf6 21. Rce1 Qg6 22. Kh1 Nc2 23.
Rf1 Rd4 24. Qb5 Bc4 25. Re8+ Kh7 26. Qxc4 Rxe8 27. Qc7 Rd2 28. Qb7 Re1 29. Kg1
Qf5 {0-1 (29) Lilienthal,A-Usachyi,M Moscow 1955}) 11. Ne2 Qb4+ (11... O-O $142
{P}) 12. Qd2 Qxd2+ 13. Kxd2 Kd7 $1 {P} 14. h4 Nc6 15. Nf4 Kd6 16. h5 Ne7 (16...
Nd8 17. Rh3 Ne6 18. Nxe6 fxe6 19. Rg3 $16 {P/H}) 17. Be2 (17. Bd3 {P h1-h3-g3}
Bc8 {P d7 P}) 17... c5 $2 {P/H} (17... c6 $142 {P c8-d7 P/ P a8-c8-c7 H}) 18.
dxc5+ $1 {P} bxc5 19. Bf3 Rab8 20. Rhd1 Rhd8 21. Ke1 Bc6 $2 {H} (21... a5 22.
Nd3 Rbc8 23. b3 {P b2} a4 {H}) 22. b3 a5 23. Nd3 Rb5 24. Nb2 $1 $16 {P/H} Kc7
25. Na4 (25. Rd2 $142 {P/H}) 25... c4 26. bxc4 dxc4 27. Rxc4 (27. Rxd8 $142
Kxd8 28. Bxc6 Nxc6 29. Rxc4 Ne5 $16 {P}) 27... Rxd1+ 28. Bxd1 $2 {H} (28. Kxd1
Kd6 29. Bxc6 Nxc6 $18 {H}) 28... Kd6 29. g3 $2 {P} (29. Rd4+ Rd5 (29... Kc7 30.
g3 Nd5 31. Bb3 $16) 30. Rf4 $1 {P 31. b3 P}) 29... Nd5 30. Nc3 Nxc3 (30... Rb2
31. Rd4 $1 (31. Rxc6+ Kxc6 32. Bf3 Kd6 33. Bxd5 Rc2 $17 {H}) 31... Kc5 32.
Rxd5+ $1 $18 {H}) 31. Rxc3 Bd5 32. a3 Rb2 33. Rd3 Kc5 $10 {H} 34. Rc3+ Kd6 35.
Rd3 Kc5 36. Rc3+ 1/2-1/2

[Event "Linares 22nd"]
[Site "Linares"]
[Date "2005.03.03"]
[Round "8"]
[White "Vallejo Pons, Francisco"]
[Black "Kasimdzhanov, Rustam"]
[Result "1-0"]
[WhiteElo "2686"]
[BlackElo "2678"]
[Annotator "Postny,E"]
[PlyCount "119"]
[EventDate "2005.02.23"]
[EventType "tourn"]
[EventRounds "14"]
[EventCountry "ESP"]
[EventCategory "20"]
[SourceTitle "CBM 106"]
[Source "ChessBase"]
[SourceDate "2005.06.06"]
[SourceVersion "1"]
[SourceVersionDate "2005.06.06"]
[SourceQuality "1"]

1. Nf3 d5 2. d4 e6 3. c4 Nf6 4. Nc3 Be7 5. Bg5 h6 6. Bxf6 Bxf6 7. Qc2 {This is
a side line. White is intending to castle to the queenside.} (7. e3 {is the
main line.}) 7... O-O 8. O-O-O c5 $6 {After this game this move will probably
disappear from practice.} (8... c6 9. e4 dxc4 10. Bxc4 b5 11. Be2 b4 12. Na4
Ba6 13. Kb1 Bxe2 14. Qxe2 Nd7 15. Rc1 Rc8 16. Rhd1 $14 {0-1 Mikhalchishin,
A-Gerber,R/Zemplinska Sirava 2004/CBM 100 ext (40)}) (8... b6 9. e4 Bb7 10.
cxd5 exd5 11. e5 Be7 12. Kb1 Bc8 13. h3 Be6 14. Bd3 Qc8 15. g4 c6 16. Bf5 Kh8
17. Ne2 Na6 18. Nf4 Bxf5 19. Qxf5 $14 {0-1 Dinstuhl,V-Hedke,F/Germany 1994/
GER-chT (46)}) (8... Nc6 9. e4 Nb4 10. Qb3 dxe4 11. Nxe4 a5 12. g4 b6 13. a3
Bb7 14. Qe3 c5 15. axb4 axb4 16. Bg2 b3 17. Rd3 Ra4 18. Rxb3 Rxc4+ 19. Kb1 cxd4
$44 {1/2-1/2 Miles,A-Garcia,G/Los Angeles 1991/EXT 2000 (31)}) (8... dxc4 9. e4
Nc6 10. e5 Nb4 11. Qe4 Bg5+ 12. Nxg5 Qxg5+ 13. f4 Qg6 14. Bxc4 Qxe4 15. Nxe4
$14 {1/2-1/2 Ree,H-Georgiev,K/Wijk aan Zee 1985/MCL (42)}) 9. dxc5 d4 (9... Qa5
10. cxd5 Bxc3 11. Qxc3 Qxa2 12. e4 exd5 13. exd5 Bf5 14. Bc4 Qb1+ 15. Kd2 Qe4
16. Rhe1 Qf4+ 17. Re3 Nd7 18. Qd4 Qc7 19. b4 $18 {1-0 Gurevich,M-Kalka,A/
Germany 2000/CBM 082 ext (26)}) 10. Nxd4 $1 (10. Ne4 e5 11. e3 Nc6 12. exd4
exd4 13. a3 b6 14. cxb6 axb6 15. Kb1 Be7 16. Qd3 Qc7 17. Be2 Rd8 $15 {0-1
Khenkin,I-Lutz,C/Germany 2001/CBM 082 ext (27)}) (10. e3 dxc3 $1 11. Rxd8 cxb2+
12. Kb1 Rxd8 13. Nd2 g6 14. Ne4 Bg7 15. Nc3 Na6 16. Qxb2 Nxc5 $17 {0-1
Malaniuk,V-Barsov,A/Tashkent 1987/EXT 2000 (20)}) 10... Bxd4 11. Qe4 $1 $146 {
[%mdl 8] It looks like this novelty refutes the whole line started with 8...c5.
White wins back the piece, but black is not able to get back the pawn...} (11.
e3 Bxe3+ 12. fxe3 Qg5 13. Qe4 Qxc5 14. Bd3 f5 15. Qd4 Qe7 16. Be2 Nc6 17. Qd6
Qg5 18. Qf4 Qe7 19. Qd6 Qg5 20. Qg3 Qxg3 21. hxg3 Ne5 22. e4 Bd7 {1/2-1/2
Goldin,A-Pigusov,E/Elista 1996/CBM 056 (22)}) 11... Nc6 (11... Qg5+ 12. f4 Qxc5
13. Qxd4 {and white is just a healthy pawn up.}) (11... e5 12. e3 f5 13. Qf3 (
13. Qd5+ $2 Qxd5 14. Nxd5 Bxc5 15. Nc7 Na6 16. Nxa8 Be6 $17 {[%csl Ra8]}) 13...
Nc6 14. exd4 exd4 15. Qd5+ Kh7 16. Qxd8 Rxd8 17. Nd5 $16) 12. e3 f5 13. Qf3 Qg5
14. h4 $8 Bxe3+ 15. Qxe3 Qxe3+ 16. fxe3 {White is a pawn up and has decisive
pawn majority on the queenside. Black's only hope is to create a counterplay
against white's numerous weaknesses.} Ne5 17. Be2 Bd7 18. Rd6 Kf7 19. Bf3 Rac8
20. Rhd1 ({After} 20. Bxb7 $6 Rxc5 21. b3 Ke7 22. Rhd1 g5 {black gets
reasonable counterplay, while white's queenside pawns are blocked.}) 20... Rc7
21. b4 Ke7 {[%csl Rc4]} 22. Nb5 Bxb5 23. cxb5 b6 $6 {Probably Kasimdzhanov was
worried about b5-b6 push, but still, it does not seem correct to allow white
to get strong defended passed pawn so easily.} (23... Nc4 24. R6d3 $18) ({
The best chance for black was probably the immediate 23...g5:} 23... g5 24.
hxg5 (24. R6d4 $5) 24... hxg5 25. b6 axb6 26. Rxb6 Nxf3 27. gxf3 g4) 24. c6 g5
25. R6d4 {This move is stronger than 25.hxg5. White does not allow black to
open files on the kingside so easily.} Kf6 26. a4 Ng6 27. hxg5+ hxg5 28. Rd7
Rfc8 29. R1d6 ({Too hastily is:} 29. a5 $6 Ne5 30. Rxc7 Rxc7 31. Rd8 Nc4 {
[%csl Ra5]} (31... bxa5 $2 32. bxa5 Nc4 33. Rd7 $1 Rxd7 34. cxd7 Ke7 35. b6
axb6 36. a6 b5 37. Be2 Nb6 38. Bxb5 Kd8 39. a7 Kc7 40. Bc6 $18)) 29... g4 30.
Bd1 {Transfering the bishop to b3.} Nf8 31. Rxc7 Rxc7 32. Bb3 Ke7 33. Rd1 Nh7
34. Rh1 $6 {The rook has nothing to do on the "h" file.} (34. Kc2 {with the
following a4-a5 and Rd1-a1 +-.}) 34... Nf6 35. Rh6 Rc8 36. Kc2 Kf7 37. Bc4 Rd8
38. Rh1 {Back to the right plan...} Ke7 39. a5 Rb8 40. Kb3 Rd8 41. axb6 axb6
42. Ra1 {[%csl Rb6] White's only task is to capture the Pb6.} Ne4 43. Ra7+ Kf6
44. Rd7 $1 Rh8 (44... Rxd7 45. cxd7 Ke7 46. Bxe6 Nd6 47. Kc3 Nxb5+ 48. Kc4 Nd6+
49. Kd5 $18) 45. Bd3 Nf2 46. Bc2 g3 $1 47. Rb7 {At last white captured the Pb6.
} Ng4 48. Rxb6 Rc8 (48... Nxe3 49. c7 Rc8 50. Rc6 $18) 49. Ra6 Nxe3 50. b6 $1
Nxc2 51. b7 Rxc6 52. b5 $1 {This move is even stronger than the immediate
promotion.} Rc5 53. Rb6 Nd4+ 54. Kb4 Rxb5+ 55. Rxb5 Nc6+ 56. Kc3 f4 57. Rc5 f3
58. Rxc6 fxg2 59. b8=Q g1=Q 60. Qf4+ {With forced mate in a few moves.} 1-0

[Event "Linares 22nd"]
[Site "Linares"]
[Date "2005.03.09"]
[Round "13"]
[White "Vallejo Pons, Francisco"]
[Black "Topalov, Veselin"]
[Result "0-1"]
[WhiteElo "2686"]
[BlackElo "2757"]
[Annotator "Postny,E"]
[PlyCount "76"]
[EventDate "2005.02.23"]
[EventType "tourn"]
[EventRounds "14"]
[EventCountry "ESP"]
[EventCategory "20"]
[SourceTitle "CBM 106"]
[Source "ChessBase"]
[SourceDate "2005.06.06"]
[SourceVersion "1"]
[SourceVersionDate "2005.06.06"]
[SourceQuality "1"]

1. Nf3 Nf6 2. c4 e6 3. Nc3 d5 4. d4 Be7 5. Bg5 h6 6. Bxf6 Bxf6 7. Qc2 ({
The main line is} 7. e3) 7... dxc4 {Deviating from the game
Vallejo-Kasimdzhanov, played few rounds before.} ({Few rounds before Vallejo
won against Kasimdzhanov after} 7... O-O 8. O-O-O c5 9. dxc5 {1-0 Vallejo Pons,
F-Kasimdzhanov,R/Linares 2005/CBM 106 [Postny,E] (60)}) 8. e3 ({Now, long
castling is not recommended for white:} 8. O-O-O $6 a6 9. e4 b5 10. e5 Bg5+ 11.
Kb1 Bb7 12. h4 Be7 $15 {0-1 Bradbury,N-Wells,P/London 1985/MCL (39)}) 8... c5
9. dxc5 Qa5 10. Bxc4 Qxc5 11. Ne4 Qa5+ (11... Qb4+ 12. Nfd2 Nd7 13. Bb3 Be7 14.
O-O O-O 15. Qc7 Bd8 16. Qf4 $14 {1-0 Najer,E-Kruppa,Y/Elista 2000/CBM 079 
[Tsesarsky] (54)}) 12. Ke2 {White does not mind to lose his right to castle.
After the forthcoming exchange of queens, the king will feel pretty
comfortable in the centre.} Be7 13. Qc3 $146 (13. g4 Nd7 14. a3 Nf6 15. Ned2
Bd7 16. Rhg1 Rc8 17. Qb3 Qb6 18. Qxb6 axb6 19. Ne5 Ba4 20. Rac1 Bd6 21. Ndf3
Ke7 $11 {0-1 Bacrot,E-Kortschnoj,V/Albert 1997/CBM 061 [Tsesarsky] (54)}) 13...
Qxc3 14. Nxc3 a6 {The position is equal. White has temporary advantage in
development, but black's position is out of weaknesses. Black's pair of
bishops might become a potential source of worry for white in future.} 15. Rhd1
Nd7 16. Ne4 b5 17. Bb3 Bb7 18. Nd6+ Bxd6 19. Rxd6 {Most of the spectators
expected a draw agreement very soon. Therefore, it's very instructive to watch,
how Topalov gradually outplayed his opponent...} Ke7 20. Rad1 $6 ({Safer would
have been} 20. Rdd1 {followed by 21.Rac1 not allowing black to take control
over the "c" file.}) 20... Rhd8 21. R6d4 $6 {The rook has nothing to do on d4.}
(21. R6d2 Rac8 22. Ne1 {followed by 23.Rc2 equalizing.}) 21... Rac8 22. Ne1 a5
$15 23. f3 (23. R4d2 $6 b4 {[%cal Gb7a6]}) 23... Rc7 24. e4 Rdc8 {Establishing
the control over the "c" file.} 25. a3 g5 {Fixing white's pawns on the
kingside and preparing to establish the knight on e5.} 26. Ke3 Ne5 27. R4d2 Ba6
28. Rd6 $6 {After this "active" move white is in serious trouble.} ({It looks
like white could escape for a draw by} 28. Nd3 $1 Nc4+ 29. Bxc4 bxc4 30. Ne5 c3
31. Rd7+ Kf6 32. Ng4+ Kg7 33. Rxc7 Rxc7 34. b4 c2 35. Rc1) 28... Ra7 29. R6d2
$6 {Vallejo simply did not find any reasonable plan. But, after this move
white's position is beyond saving already...} ({White's last chance was
probably:} 29. Rb6 b4 $1 30. axb4 a4 31. b5 (31. Ba2 Bc4 $1 32. Rc1 Rac7 33.
Bb1 Nd7 $19 {[%csl Rb6]}) 31... Bb7 32. Ba2 a3 {and black gets a strong
initiative.}) 29... b4 30. axb4 Rb8 $1 31. Ra1 (31. Nc2 a4 $1 32. Ba2 Bc4 33.
Bb1 Bb3 $19) 31... Rxb4 32. Ra3 (32. Ba2 Bc4 33. Bb1 Rb3+ 34. Kf2 Rd7 $1 {
with total domination.}) 32... a4 33. Ba2 Bc4 34. Bb1 Bf1 $6 ({More convincing
seems to be} 34... Rab7 35. Nd3 Bxd3 36. Bxd3 Rxb2 $19) 35. Ba2 $8 Rab7 36. Nc2
$2 {This loses quickly.} ({The only way to resist was} 36. Kf2 Bc4 37. Rc2)
36... Rxb2 37. Rxa4 Rc7 $1 ({But not} 37... Rxa2 38. Rxa2 Nc4+ 39. Kf2 Nxd2 40.
Ne3 {and black will be only a pawn up.}) 38. Kf2 Bb5 {[%csl Ra4,Rc2][%mdl 4096]
Black is winning a full piece. Great technique by Topalov!} 0-1